| 000 | 00485nam a2200181Ia 4500 | ||
|---|---|---|---|
| 005 | 20250326142241.0 | ||
| 008 | 250326s9999 xx 000 0 und d | ||
| 037 | _aTextbook | ||
| 040 |
_aFMSL _beng _cFMSL |
||
| 041 |
_aeng _2eng |
||
| 084 | _qFMSL | ||
| 100 |
_aStahl M J _9744329 |
||
| 245 | 0 |
_aManagement: Total quality in a global environment _cStahl M J |
|
| 260 |
_aOxford _bOxford, Basil Blackwell _c1995 |
||
| 300 | _a576p | ||
| 942 | _cTB | ||
| 999 |
_c1294129 _d1294129 |
||